BUBT Library Online Catalog

মন ও মানসিকতা / (Record no. 6909)

000 -LEADER
fixed length control field 00815nam a22002177a 4500
003 - CONTROL NUMBER IDENTIFIER
control field BUBTL
008 - FIXED-LENGTH DATA ELEMENTS--GENERAL INFORMATION
fixed length control field 230109b ||||| |||| 00| 0 eng d
020 ## - INTERNATIONAL STANDARD BOOK NUMBER
International Standard Book Number 9789848815670
082 ## - DEWEY DECIMAL CLASSIFICATION NUMBER
Classification number 150/ K5275m/ 2010
100 ## - MAIN ENTRY--PERSONAL NAME
9 (RLIN) 5153
Personal name খানম, মেহতাব
245 ## - TITLE STATEMENT
Title মন ও মানসিকতা /
Statement of responsibility, etc. মেহতাব খানম
250 ## - EDITION STATEMENT
Edition statement 2nd Edn
260 ## - PUBLICATION, DISTRIBUTION, ETC. (IMPRINT)
Place of publication, distribution, etc. ঢাকা:
Name of publisher, distributor, etc. দি ইউনিভার্সিটি প্রেস,
Date of publication, distribution, etc. c2010
300 ## - PHYSICAL DESCRIPTION
Extent xii, 264 p.:
Dimensions 21.5 cm.
505 ## - FORMATTED CONTENTS NOTE
Formatted contents note মন ও মানসিকতা, মেহতাব খানম, মনোবিজ্ঞান, Psychology
650 #0 - SUBJECT ADDED ENTRY--TOPICAL TERM
9 (RLIN) 5154
Topical term or geographic name as entry element মনোবিজ্ঞান
650 #0 - SUBJECT ADDED ENTRY--TOPICAL TERM
9 (RLIN) 3667
Topical term or geographic name as entry element Psychology
856 ## - ELECTRONIC LOCATION AND ACCESS
Password 0
Logon 0
Link text Download
942 ## - ADDED ENTRY ELEMENTS (KOHA)
Source of classification or shelving scheme
Koha item type Books
Holdings
Withdrawn status Lost status Source of classification or shelving scheme Damaged status Not for loan Collection code Permanent location Current location Shelving location Date acquired Source of acquisition Inventory number Total Checkouts Full call number Barcode Date last seen Copy number Price effective from Koha item type
          Non-fiction Bangladesh University of Business and Technology Library Bangladesh University of Business and Technology Library General Stacks 04/18/2014 Purchase 17356   150/ K5275m/ 2010 BUBTL-200317356 01/09/2023 C-1 01/09/2023 Books

More Information About Library

Library Hours

  • Open: 9.00 am. to 9.00 pm.
  • Only Sunday: 9.00 am. to 6.00 pm.
  • Closed: Holiday

Contact to the University

Bangladesh University of Business and Technology Library

  • Mirpurl-2, 1216.
  • Phone:
  • Fax:
  • E-Mail: admin.library@bubt.edu.bd

Contact to the Library

Contact Person:

Md. Abdul Hakim Shah
Joint Librarian
PABX No:  113
Cell No: 01816332931
E-mail: official: admin.library@bubt.edu.bd
Personal: hakim.shah@bubt.edu.bd


BUBT Library

Copyright © 2021